Sports Quiz

Random Sports or NCAA Quiz

2011 NCAA Tournament Teams Quiz Stats

 Plays Quiz Updated Aug 23, 2012

Challenge
Share
Tweet
Embed
Score 0/68 Timer 08:00
1 Play Today
Region Team % Correct
WestDuke Blue Devils
96.5%
EastNorth Carolina Tar Heels
93.6%
SouthwestKansas Jayhawks
92.9%
EastOhio State Buckeyes
92.2%
SoutheastFlorida Gators
89.6%
EastKentucky Wildcats
86.8%
WestTexas Longhorns
86%
WestConnecticut Huskies
84.9%
SoutheastPittsburgh Panthers
84.8%
WestMichigan Wolverines
84.5%
SouthwestBoston University Terriers
81.6%
EastSyracuse Orange
80.7%
SoutheastMichigan State Spartans
80.1%
WestArizona Wildcats
77.1%
SoutheastUCLA Bruins
75.2%
SouthwestNotre Dame Fighting Irish
74.5%
SoutheastBYU Cougars
74.4%
SouthwestFlorida State Seminoles
74.2%
SoutheastKansas State Wildcats
74%
SouthwestUSC Trojans
73.8%
SoutheastWisconsin Badgers
72.7%
EastWashington Huskies
71.3%
SouthwestLouisville Cardinals
71.2%
SoutheastButler Bulldogs
71%
WestSan Diego State Aztecs
70.3%
EastVillanova Wildcats
68.9%
WestTennessee Volunteers
68.3%
EastGeorgia Bulldogs
67%
SouthwestGeorgetown Hoyas
66.9%
SouthwestVCU Rams
66.8%
SouthwestIllinois Fighting Illini
65.8%
SouthwestPurdue Boilermakers
65.7%
EastClemson Tigers
63.8%
EastMarquette Golden Eagles
62.4%
Region Team % Correct
EastWest Virginia Mountaineers
62.4%
SoutheastSt. John's Red Storm
61.9%
SouthwestTexas A&M Aggies
61.3%
SoutheastGonzaga Bulldogs
61.2%
WestPenn State Nittany Lions
60.3%
EastPrinceton Tigers
57.8%
WestMissouri Tigers
57.2%
WestCincinnati Bearcats
55.6%
SouthwestUNLV Rebels
53.4%
EastXavier Musketeers
52.7%
SouthwestVanderbilt Commodores
52.7%
WestMemphis Tigers
52.3%
EastGeorge Mason Patriots
51.1%
WestTemple Owls
50.9%
SouthwestRichmond Spiders
49.3%
SoutheastUtah State Aggies
46.4%
EastUAB Blazers
46.4%
SoutheastOld Dominion Monarchs
41.1%
SouthwestMorehead State Eagles
38.1%
SoutheastBelmont Bruins
36.9%
EastIndiana State Sycamores
35.7%
WestOakland Golden Grizzlies
33.7%
SoutheastUNC Asheville Bulldogs
31.3%
EastLong Island Blackbirds
29.6%
SoutheastWofford Terriers
29.3%
EastTexas San Antonio Roadrunners
29.2%
WestBucknell Bison
29%
EastAlabama State Hornets
29%
SouthwestAkron Zips
28%
WestHampton Pirates
26.7%
SoutheastArkansas Little Rock Trojans
24.7%
SoutheastUC Santa Barbara Gauchos
24.5%
WestNorthern Colorado Bears
24.4%
SouthwestSaint Peter's Peacocks
22.5%

You're not logged in!

Compare scores with friends on all Sporcle quizzes.
Join for Free
OR
Log In

You Might Also Like...

Show Comments

Extras

Top Quizzes Today


Score Distribution

Your Account Isn't Verified!

In order to create a playlist on Sporcle, you need to verify the email address you used during registration. Go to your Sporcle Settings to finish the process.

Report this User

Report this user for behavior that violates our Community Guidelines.

Details: